[Event "Rated Blitz game"]
[Site "?"]
[Date "2021.03.11"]
[Round "?"]
[White "A_Tsarkov"]
[Black "annaly1979"]
[Result "0-1"]
[WhiteElo "2258"]
[BlackElo "2409"]
[PlyCount "176"]
[EventDate "2021.??.??"]
[EventType "blitz"]

1. e4 e5 2. Nf3 d5 3. exd5 e4 4. Qe2 f5 5. d3 Nf6 6. dxe4 fxe4 7. Nc3 Bb4 8.
Bd2 Bxc3 9. Bxc3 O-O 10. Nd4 c5 11. dxc6 Nxc6 12. O-O-O Qb6 13. Qc4+ Kh8 14.
Nxc6 bxc6 15. Bd4 Qc7 16. Bxf6 Rxf6 17. Qxe4 Bf5 18. Qd4 Bg6 19. Bc4 Raf8 20.
f3 c5 21. Qc3 a5 22. a3 a4 23. Kb1 Rb8 24. Bd3 Bf7 25. Bc4 Rfb6 26. Bxf7 Qxf7
27. Rd2 Rxb2+ 28. Qxb2 Rxb2+ 29. Kxb2 Qf6+ 30. Kb1 h6 31. Rhd1 c4 32. Rd4 Qb6+
33. Ka2 Qb5 34. Rb1 Qc5 35. c3 Qg5 36. Rb2 Qc5 37. Rb4 Qc7 38. Rbxc4 Qxh2 39.
Rd2 Qb8 40. Rxa4 Qg8+ 41. Kb2 Qb8+ 42. Rb4 Qe8 43. a4 Qe3 44. Rc2 Qa7 45. Kb3
Qf7+ 46. c4 Qd7 47. g4 Qd3+ 48. Kb2 Qxf3 49. a5 Qxg4 50. a6 Qd7 51. c5 Qc6 52.
Rb6 Qa4 53. Rb3 Qxa6 54. c6 Kh7 55. c7 Qf6+ 56. Kb1 Qf1+ 57. Ka2 Qa6+ 58. Ra3
Qe6+ 59. Kb2 Qe5+ 60. Rac3 Qb5+ 61. Kc1 Qf1+ 62. Kb2 Qb5+ 63. Rb3 Qe5+ 64. Ka2
Qa5+ 65. Kb2 Qe5+ 66. Rcc3 Qe2+ 67. Ka3 Qa6+ 68. Kb4 Qb6+ 69. Kc4 Qxc7+ 70. Kd4
Qf4+ 71. Kd5 h5 72. Ke6 h4 73. Rh3 g5 74. Rb7+ Kh6 75. Rhb3 Kh5 76. Kd5 Qf5+
77. Kd4 h3 78. Rb8 Kg4 79. R8b4 h2 80. Rb1 Qf4+ 81. Kd3 Qxb4 82. Rxb4+ Kh3 83.
Rb1 g4 84. Ke3 Kg2 85. Kf4 g3 86. Rb2+ Kh3 87. Rb1 g2 88. Kf3 g1=Q {Normal} 0-1

[Event "Rated Blitz game"]
[Site "?"]
[Date "2021.03.11"]
[Round "?"]
[White "SergTheGreat"]
[Black "Dzon_Vejn"]
[Result "1-0"]
[WhiteElo "2303"]
[BlackElo "2410"]
[PlyCount "135"]
[EventDate "2021.??.??"]
[EventType "blitz"]

1. e4 e5 2. Nf3 d5 3. exd5 e4 4. Ne5 Qxd5 5. d4 exd3 6. Nxd3 Bf5 7. Nc3 Qe6+ 8.
Be2 Nc6 9. O-O O-O-O 10. Re1 Qd7 11. Be3 Nf6 12. h3 h5 13. Qc1 Nd4 14. Ne5
Nxe2+ 15. Rxe2 Qe8 16. Bxa7 Be6 17. Qe3 g5 18. Bd4 Rg8 19. Nc6 bxc6 20. Bxf6
Be7 21. Bxe7 Qxe7 22. Qa7 Qb4 23. Qa6+ Qb7 24. Qxb7+ Kxb7 25. a4 g4 26. h4 g3
27. f3 Rd4 28. Ne4 Ka7 29. c3 Rdd8 30. Nf6 Rg6 31. Nxh5 Rh6 32. Nxg3 Rxh4 33.
Ne4 Bc4 34. Rd2 Rdh8 35. Kf2 Rg8 36. Ke3 Rh2 37. g4 Rh3 38. Rf2 Re8 39. Kf4 Be6
40. Ng5 Rhh8 41. Nxe6 Rxe6 42. Kg3 Rg8 43. f4 f5 44. g5 Re3+ 45. Rf3 Re2 46.
Rb1 Rh8 47. Rd3 Rhh2 48. Rg1 Rhf2 49. g6 Rh2 50. g7 Re8 51. Kf3 Rg8 52. Rg3 Rh7
53. Re3 Rhxg7 54. Rxg7 Rxg7 55. Re5 Rf7 56. Rc5 Kb6 57. b4 Rd7 58. a5+ Kb7 59.
Kg3 Rd3+ 60. Kh4 Rd5 61. Kg5 Rxc5 62. bxc5 Ka6 63. Kxf5 Kxa5 64. Ke5 Kb5 65. f5
Kxc5 66. f6 Kc4 67. f7 Kxc3 68. f8=Q {Time forfeit} 1-0

[Event "Rated Blitz game"]
[Site "?"]
[Date "2021.03.11"]
[Round "?"]
[White "slave-trajkoski"]
[Black "zavareh1351109"]
[Result "1-0"]
[WhiteElo "2421"]
[BlackElo "2249"]
[PlyCount "23"]
[EventDate "2021.??.??"]
[EventType "blitz"]

1. e4 e5 2. Nf3 d5 3. d4 dxe4 4. Nxe5 Nf6 5. Bc4 Be6 6. Nc3 Bxc4 7. Nxc4 Nc6 8.
d5 Ne7 9. Bg5 Nfxd5 10. Bxe7 Nxc3 11. Qxd8+ Rxd8 12. Bxd8 {Normal} 1-0

[Event "Rated Blitz game"]
[Site "?"]
[Date "2021.03.11"]
[Round "?"]
[White "mertgureke"]
[Black "pasha1984"]
[Result "0-1"]
[WhiteElo "2291"]
[BlackElo "2441"]
[PlyCount "46"]
[EventDate "2021.??.??"]
[EventType "blitz"]

1. e4 e5 2. Nf3 d5 3. exd5 e4 4. Qe2 Nf6 5. d3 Qxd5 6. Nbd2 Nc6 7. dxe4 Qh5 8.
e5 Nd5 9. c3 Bc5 10. Qe4 Be6 11. Bc4 O-O-O 12. O-O g5 13. Nb3 Bb6 14. Bxg5 Rd7
15. Rad1 h6 16. Bh4 Bf5 17. Qe2 Nf4 18. Qe1 Rg8 19. Bg3 Nxg2 20. Kxg2 Bh3+ 21.
Kg1 Qxf3 22. Qe4 Qxe4 23. Bd5 Rxd5 {Normal} 0-1

[Event "Rated Blitz tournament agsPbqby"]
[Site "?"]
[Date "2021.03.11"]
[Round "?"]
[White "torrentec"]
[Black "LeonardoYopalCas"]
[Result "1-0"]
[WhiteElo "2430"]
[BlackElo "2289"]
[PlyCount "181"]
[EventDate "2021.??.??"]
[EventType "blitz"]

1. e4 e5 2. Nf3 d5 3. exd5 e4 4. Nd4 Bc5 5. Nb3 Bd6 6. d4 Qe7 7. c4 b6 8. Be3
f5 9. c5 bxc5 10. dxc5 Be5 11. Bb5+ Bd7 12. c6 Bc8 13. Nc3 Nf6 14. Bc5 Bd6 15.
Qd4 O-O 16. O-O-O Na6 17. Bxd6 Qxd6 18. Nd2 Rb8 19. Nc4 Qf4+ 20. Qe3 Qxe3+ 21.
fxe3 Nc5 22. d6 cxd6 23. Rxd6 a6 24. Ba4 Ng4 25. Bd1 Nf2 26. Rf1 Nfd3+ 27. Kc2
a5 28. b3 Ba6 29. Nxa5 Nb4+ 30. Kb2 Bxf1 31. Nd5 Ra8 32. Nxb4 Rxa5 33. c7 Nd3+
34. Nxd3 Bxd3 35. b4 Ra7 36. Bb3+ Kh8 37. Rd7 g5 38. Bd5 f4 39. Rd8 Rxc7 40.
Rxf8+ Kg7 41. Rg8+ Kf6 42. exf4 gxf4 43. Rf8+ Ke5 44. Bb3 e3 45. Re8+ Kd6 46.
b5 Rg7 47. Kc3 Bxb5 48. Re4 e2 49. Kd2 Rxg2 50. Rxf4 Rxh2 51. Re4 h5 52. a4
Bxa4 53. Rxa4 Kc5 54. Rc4+ Kb5 55. Re4 Kc5 56. Bc4 e1=Q+ 57. Kxe1 Rh1+ 58. Kf2
Rh2+ 59. Kg3 Rd2 60. Be2 Rd4 61. Re5+ Rd5 62. Re8 Kd4 63. Bf3 Re5 64. Rd8+ Ke3
65. Ba8 Rg5+ 66. Kh4 Rg1 67. Kxh5 Kf4 68. Rf8+ Ke5 69. Bf3 Ke6 70. Bg4+ Ke7 71.
Rf5 Ra1 72. Kg6 Rg1 73. Kg5 Ra1 74. Rd5 Re1 75. Rd7+ Ke8 76. Bf5 Rf1 77. Rc7
Rg1+ 78. Kf6 Rd1 79. Rc8+ Rd8 80. Rc7 Ra8 81. Rh7 Ra6+ 82. Be6 Kd8 83. Rd7+ Ke8
84. Rc7 Ra8 85. Rh7 Kd8 86. Ke5 Ra1 87. Bd5 Kc8 88. Kd6 Kb8 89. Rh8+ Ka7 90.
Ra8+ Kb6 91. Rxa1 {Normal} 1-0

[Event "Rated Blitz game"]
[Site "?"]
[Date "2021.03.11"]
[Round "?"]
[White "Dzon_Vejn"]
[Black "elrond"]
[Result "1/2-1/2"]
[WhiteElo "2413"]
[BlackElo "2306"]
[PlyCount "128"]
[EventDate "2021.??.??"]
[EventType "blitz"]

1. e4 e5 2. Nf3 d5 3. exd5 e4 4. Qe2 Nf6 5. d3 Be7 6. dxe4 O-O 7. Nfd2 Re8 8.
c4 Bb4 9. f3 c6 10. a3 Bxd2+ 11. Qxd2 cxd5 12. cxd5 Nxd5 13. Bc4 Nb6 14. Qxd8
Rxd8 15. Bb3 Nc6 16. Be3 Nd4 17. Bxd4 Rxd4 18. Nc3 Be6 19. Bxe6 fxe6 20. Rd1
Rad8 21. Ke2 Nc4 22. Rxd4 Rxd4 23. Nb1 Nxb2 24. Rc1 Nc4 25. Rc3 b5 26. Rd3 Rxd3
27. Kxd3 Kf7 28. Kd4 Ke7 29. e5 Kd7 30. Kc5 a6 31. f4 g5 32. fxg5 Nxe5 33. Kb6
Nf7 34. h4 Nd6 35. Kxa6 e5 36. Nd2 e4 37. g4 Ke6 38. Nxe4 Nxe4 39. Kxb5 Nc3+
40. Kb4 Nd5+ 41. Kc5 Nc3 42. Kb4 Nd5+ 43. Kb5 Nc3+ 44. Kc4 Na4 45. Kb4 Nb2 46.
a4 Nd3+ 47. Kb5 Ne5 48. a5 Kd6 49. Kb6 Nc4+ 50. Kb5 Na3+ 51. Ka6 Kc6 52. h5 Nc4
53. g6 hxg6 54. hxg6 Nd6 55. g7 Nb7 56. g8=Q Nc5+ 57. Ka7 Nd7 58. Qg6+ Kc7 59.
Qf7 Kd6 60. Qxd7+ Kxd7 61. a6 Ke7 62. Kb7 Kf7 63. a7 Kg6 64. a8=Q Kg5 {Time
forfeit} 1/2-1/2

[Event "Rated Blitz game"]
[Site "?"]
[Date "2021.03.11"]
[Round "?"]
[White "skipper-pingui3"]
[Black "KinzyabulatovRenat"]
[Result "1-0"]
[WhiteElo "2411"]
[BlackElo "2307"]
[PlyCount "89"]
[EventDate "2021.??.??"]
[EventType "blitz"]

1. e4 e5 2. Nf3 d5 3. Nc3 d4 4. Ne2 Nc6 5. d3 Bb4+ 6. Nd2 Bg4 7. h3 Bh5 8. g4
Bg6 9. Ng3 Nf6 10. a3 Bxd2+ 11. Bxd2 h5 12. g5 h4 13. gxf6 hxg3 14. fxg3 Qxf6
15. Qe2 Bh5 16. g4 Qh4+ 17. Qf2 Qxf2+ 18. Kxf2 Bxg4 19. Rg1 Bxh3 20. Rh1 g6 21.
Bxh3 Ke7 22. Rag1 Rh5 23. Bg4 Rxh1 24. Rxh1 Rf8 25. Bg5+ f6 26. Rh7+ Rf7 27.
Rxf7+ Kxf7 28. Bd2 Ne7 29. Bf3 c6 30. c4 f5 31. b4 Kf6 32. a4 b6 33. a5 b5 34.
cxb5 cxb5 35. a6 f4 36. Bg4 Kg5 37. Bd7 Kh4 38. Bxb5 g5 39. Bd7 g4 40. b5 Ng8
41. b6 axb6 42. a7 Nf6 43. Bf5 Kh3 44. a8=Q Kh2 45. Qh8+ {Normal} 1-0

[Event "Rated Blitz game"]
[Site "?"]
[Date "2021.03.11"]
[Round "?"]
[White "Italiangangster"]
[Black "Erow"]
[Result "0-1"]
[WhiteElo "2574"]
[BlackElo "2671"]
[PlyCount "50"]
[EventDate "2021.??.??"]
[EventType "blitz"]

1. e4 e5 2. Nf3 d5 3. d3 dxe4 4. dxe4 Qxd1+ 5. Kxd1 Nc6 6. c3 Bg4 7. Nbd2 O-O-O
8. Ke1 h6 9. h3 Bh5 10. Be2 Nf6 11. Nh4 g5 12. Nf5 Bg6 13. g4 Bxf5 14. gxf5 Bc5
15. Bf3 b5 16. a4 b4 17. a5 bxc3 18. bxc3 Rd3 19. Bb2 Bxf2+ 20. Ke2 Rhd8 21.
Rhd1 Bc5 22. Nb3 Re3+ 23. Kf2 Rxc3+ 24. Nxc5 Rc2+ 25. Kg3 Rxd1 {Normal} 0-1

[Event "Rated Blitz game"]
[Site "?"]
[Date "2021.03.11"]
[Round "?"]
[White "grmaraite"]
[Black "Chesspirate_Channel"]
[Result "0-1"]
[WhiteElo "2419"]
[BlackElo "2360"]
[PlyCount "58"]
[EventDate "2021.??.??"]
[EventType "blitz"]

1. e4 e5 2. Nf3 d5 3. exd5 e4 4. Qe2 Nf6 5. Nc3 Be7 6. Nxe4 O-O 7. d3 Nxd5 8.
Bd2 f5 9. Nc3 Bf6 10. O-O-O Re8 11. Nxd5 Rxe2 12. Nxf6+ Qxf6 13. Bxe2 Qa6 14.
Kb1 Be6 15. b3 h6 16. Rhe1 Nc6 17. d4 Qa3 18. Bb5 Bd5 19. c4 Be4+ 20. Ka1 a5
21. Bc3 Nb4 22. Bxb4 axb4 23. Rd2 Qxb3 24. Rc1 c6 25. Rb2 Qa3 26. Bxc6 bxc6 27.
Ne5 b3 28. Rc3 Qxa2+ 29. Rxa2 Rxa2# {Normal} 0-1

[Event "Rated Blitz game"]
[Site "?"]
[Date "2021.03.11"]
[Round "?"]
[White "Kruink2002"]
[Black "annaly1979"]
[Result "1-0"]
[WhiteElo "2415"]
[BlackElo "2418"]
[PlyCount "171"]
[EventDate "2021.??.??"]
[EventType "blitz"]

1. e4 e5 2. Nf3 d5 3. Nxe5 Qe7 4. d4 f6 5. Nf3 dxe4 6. Nfd2 f5 7. Be2 Nf6 8.
O-O Nc6 9. c3 Be6 10. Nc4 Qf7 11. Ne5 Nxe5 12. dxe5 Nd7 13. Qa4 c6 14. f4 exf3
15. Bxf3 Bc5+ 16. Kh1 O-O 17. Bf4 h6 18. h3 g5 19. Bh2 f4 20. Qe4 Nb6 21. Nd2
Rae8 22. Qe2 Be3 23. Bh5 Qf5 24. Bxe8 Rxe8 25. Nf3 Bd5 26. Nd4 Qxh3 27. Rae1
Qh4 28. Nf5 Qh3 29. Nxe3 fxe3 30. Kg1 Qh4 31. Qxe3 Nc4 32. Qg3 Qh5 33. Rf2 a5
34. b3 Nb6 35. c4 Be6 36. Ref1 Nd7 37. Qf3 Bg4 38. Qd3 Be6 39. Qd6 Qg6 40. c5
Qe4 41. Bg3 Qe3 42. Bh2 Nxe5 43. Qd2 Qxd2 44. Rxd2 Ng4 45. Bg3 Bd5 46. Re1 Rf8
47. Rde2 h5 48. Bd6 Rf7 49. Re8+ Kg7 50. R8e7 Kf6 51. Rxf7+ Kxf7 52. Re7+ Kf6
53. Rxb7 h4 54. Ra7 Ne3 55. Rxa5 Nxg2 56. Ra7 g4 57. Be7+ Kf5 58. a4 Bxb3 59.
a5 Nf4 60. Bxh4 Ng6 61. Bg3 Ke4 62. Rg7 Nf8 63. a6 Ne6 64. a7 Nxg7 65. a8=Q Nf5
66. Qxc6+ Kd3 67. Bf2 g3 68. Bxg3 Nxg3 69. Qd6+ Kc4 70. Qxg3 Kxc5 71. Kf2 Bd5
72. Ke3 Bc6 73. Qf4 Kb6 74. Qd4+ Kc7 75. Kf4 Bd7 76. Ke5 Bc6 77. Qd6+ Kb6 78.
Kf6 Kb5 79. Ke7 Be4 80. Kd8 Kc4 81. Kc7 Bd3 82. Qe7 Kd4 83. Qf6+ Ke4 84. Kd6
Bc4 85. Qd8 Bd5 86. Qc7 {Time forfeit} 1-0

[Event "Rated Blitz game"]
[Site "?"]
[Date "2021.03.11"]
[Round "?"]
[White "VuskyM"]
[Black "Roberto_Baggio1978"]
[Result "1-0"]
[WhiteElo "2351"]
[BlackElo "2508"]
[PlyCount "85"]
[EventDate "2021.??.??"]
[EventType "blitz"]

1. e4 e5 2. Nf3 d5 3. Nxe5 Bd6 4. d4 dxe4 5. Nc4 Nf6 6. Nc3 O-O 7. h3 Re8 8.
Be3 b6 9. Nxd6 Qxd6 10. Bb5 c6 11. Be2 Nd5 12. Nxd5 cxd5 13. Qd2 Ba6 14. Bxa6
Nxa6 15. O-O Rac8 16. a3 Nc7 17. Rac1 Ne6 18. f3 f5 19. fxe4 fxe4 20. Rf2 Rf8
21. Rcf1 Rxf2 22. Rxf2 Rf8 23. Rxf8+ Kxf8 24. Qf2+ Ke8 25. Qf5 g6 26. Qf6 Qe7
27. Qe5 Nc7 28. Qh8+ Kd7 29. h4 Qxh4 30. Bf2 Qe7 31. Bg3 Ne6 32. Qe5 Ke8 33.
Qxd5 e3 34. Qc6+ Kf7 35. Qf3+ Ke8 36. Qxe3 Ng7 37. Qf3 Nf5 38. Be5 h5 39. Qd5
h4 40. Qg8+ Kd7 41. Qxg6 Ne3 42. Qe4 Qg5 43. Bf4 {Normal} 1-0

[Event "Rated Blitz tournament F55mdqFf"]
[Site "?"]
[Date "2021.03.11"]
[Round "?"]
[White "midedu"]
[Black "Maltinho"]
[Result "0-1"]
[WhiteElo "2348"]
[BlackElo "2476"]
[PlyCount "68"]
[EventDate "2021.??.??"]
[EventType "blitz"]

1. e4 e5 2. Nf3 d5 3. Nxe5 Bd6 4. d4 dxe4 5. Nc4 Nf6 6. Be2 O-O 7. O-O Nc6 8.
Nxd6 Qxd6 9. c3 Nd5 10. Nd2 f5 11. Nc4 Qe7 12. Ne3 Nf4 13. Bc4+ Kh8 14. Nd5
Nxd5 15. Bxd5 Be6 16. Bxc6 bxc6 17. Bf4 g5 18. Be5+ Kg8 19. f3 Bd5 20. fxe4
Bxe4 21. Qh5 c5 22. Rae1 cxd4 23. cxd4 Rab8 24. b3 Rb6 25. Rc1 c6 26. Rc3 Rb5
27. Rg3 g4 28. h3 Rxe5 29. dxe5 Qxe5 30. Kh2 Rf6 31. hxg4 Rg6 32. Rxf5 Bxf5 33.
Qxf5 Rh6+ 34. Kg1 Qe1+ {Normal} 0-1

[Event "Rated Blitz tournament kgJVAuID"]
[Site "?"]
[Date "2021.03.11"]
[Round "?"]
[White "Zalan1110"]
[Black "Frutek"]
[Result "0-1"]
[WhiteElo "2431"]
[BlackElo "2381"]
[PlyCount "102"]
[EventDate "2021.??.??"]
[EventType "blitz"]

1. e4 e5 2. Nf3 d5 3. d3 dxe4 4. dxe4 Qxd1+ 5. Kxd1 Bg4 6. Be2 Nc6 7. c3 O-O-O+
8. Kc2 f5 9. Bd3 Nf6 10. Ng5 fxe4 11. Nxe4 Bf5 12. f3 Nxe4 13. fxe4 Be6 14. Bg5
Be7 15. Bxe7 Nxe7 16. Nd2 Rhf8 17. Rhf1 Ng6 18. Nf3 Bg4 19. Bc4 Bxf3 20. gxf3
Nf4 21. Rad1 g6 22. h4 c6 23. Rh1 Ng2 24. Be6+ Kc7 25. Rxd8 Rxd8 26. h5 g5 27.
h6 Rf8 28. Bf5 Ne3+ 29. Kd3 Nxf5 30. exf5 Rxf5 31. Ke4 Rf4+ 32. Ke3 Kd6 33. Rh5
Rf5 34. Ke4 Ke6 35. Rh1 Rf4+ 36. Ke3 Rh4 37. Rg1 Kf5 38. Rd1 Rxh6 39. Rd7 Rh1
40. Rxb7 h5 41. Rxa7 Re1+ 42. Kf2 Rb1 43. Rb7 h4 44. a4 Rc1 45. Kg2 g4 46.
fxg4+ Kxg4 47. Rg7+ Kf4 48. Kh3 Rh1+ 49. Kg2 Rb1 50. Kh3 Rxb2 51. Kxh4 Rh2# {
Normal} 0-1

[Event "Rated Blitz game"]
[Site "?"]
[Date "2021.03.11"]
[Round "?"]
[White "ProChessor_YouTube"]
[Black "FTR_BBC"]
[Result "0-1"]
[WhiteElo "2440"]
[BlackElo "2398"]
[PlyCount "71"]
[EventDate "2021.??.??"]
[EventType "blitz"]

1. e4 e5 2. Nf3 d5 3. exd5 e4 4. Qe2 Be7 5. Qxe4 Nf6 6. Qa4+ Nbd7 7. Nc3 O-O 8.
Be2 a6 9. O-O b5 10. Qb3 Nb6 11. a4 b4 12. a5 Nbxd5 13. Nxd5 Nxd5 14. Bc4 Be6
15. d3 c5 16. Re1 Re8 17. Bd2 h6 18. h3 Rb8 19. d4 Qc7 20. Bxd5 c4 21. Bxc4
Bxc4 22. Qe3 Bf8 23. Qxe8 Rxe8 24. Rxe8 Bb5 25. Bxb4 Bxe8 26. Bxf8 Kxf8 27. c3
Bc6 28. Ne5 Bd5 29. Ra3 f6 30. Nd3 Qb7 31. f3 Qb5 32. Nc5 Qe2 33. b4 Qb2 34.
Ra4 Qxc3 35. Nd7+ Kg8 36. Nxf6+ {Normal} 0-1

[Event "Rated Blitz game"]
[Site "?"]
[Date "2021.03.11"]
[Round "?"]
[White "AstroWolf"]
[Black "blastol"]
[Result "0-1"]
[WhiteElo "2324"]
[BlackElo "2409"]
[PlyCount "48"]
[EventDate "2021.??.??"]
[EventType "blitz"]

1. e4 e5 2. Nf3 d5 3. exd5 Bd6 4. Nc3 Nf6 5. d4 e4 6. Ne5 O-O 7. Bg5 Re8 8. Bc4
Bf5 9. Qd2 Nbd7 10. Nxd7 Bxd7 11. O-O-O a6 12. Rde1 b5 13. Bf1 Bf5 14. g4 Bg6
15. h4 h6 16. Be3 b4 17. Na4 Nxd5 18. h5 Bh7 19. Bc4 Nxe3 20. fxe3 Qg5 21. Rhg1
Rad8 22. Qf2 Re7 23. Bxa6 Ra8 24. Bb5 Qxb5 {Normal} 0-1

[Event "Rated Blitz game"]
[Site "?"]
[Date "2021.03.11"]
[Round "?"]
[White "Majasystem"]
[Black "blastol"]
[Result "0-1"]
[WhiteElo "2446"]
[BlackElo "2373"]
[PlyCount "98"]
[EventDate "2021.??.??"]
[EventType "blitz"]

1. e4 e5 2. Nf3 d5 3. exd5 Bd6 4. d4 e4 5. Ne5 Nf6 6. Nc3 O-O 7. f3 exf3 8.
Qxf3 Re8 9. Bf4 Nbd7 10. O-O-O Nxe5 11. dxe5 Bxe5 12. Bb5 Bg4 13. Qg3 Bxd1 14.
Bxe8 Nh5 15. Bxf7+ Kxf7 16. Qf2 Bxf4+ 17. Kxd1 Qf6 18. g3 Be5 19. Qe2 Qg5 20.
Rf1+ Kg8 21. Ne4 Qg6 22. Kc1 Nf6 23. Nc5 Re8 24. Ne6 Nxd5 25. Qxe5 Qxe6 26.
Qxe6+ Rxe6 27. Rd1 c6 28. c4 Nb6 29. Rd8+ Kf7 30. Rb8 Re7 31. b3 Ke6 32. Kd2
Kd6 33. Kc3 a5 34. a3 Kc7 35. Rg8 Nd7 36. b4 axb4+ 37. axb4 Nf6 38. Rh8 Re2 39.
h4 Rg2 40. Kd4 Rxg3 41. Rf8 Rg4+ 42. Ke5 Nd7+ 43. Ke6 Nxf8+ 44. Kf7 Nd7 45. b5
Rxc4 46. b6+ Nxb6 47. h5 Rh4 48. Kxg7 Rxh5 49. Kh8 Rg5 {Normal} 0-1

[Event "Rated Blitz game"]
[Site "?"]
[Date "2021.03.11"]
[Round "?"]
[White "Sailor7"]
[Black "Dzon_Vejn"]
[Result "0-1"]
[WhiteElo "2391"]
[BlackElo "2401"]
[PlyCount "42"]
[EventDate "2021.??.??"]
[EventType "blitz"]

1. e4 e5 2. Nf3 d5 3. Nxe5 Bd6 4. d4 dxe4 5. Nc3 Bxe5 6. dxe5 Qxd1+ 7. Kxd1 Nc6
8. Bb5 Bg4+ 9. Ke1 Nge7 10. h3 Bh5 11. g4 Bg6 12. Be3 O-O-O 13. Ke2 Nxe5 14.
Rad1 a6 15. Ba4 h5 16. g5 Rxd1 17. Rxd1 Bf5 18. Bc5 N7g6 19. Rh1 Bxh3 20. Ke3
Ng4+ 21. Kxe4 Bg2+ {Normal} 0-1

[Event "Rated Blitz game"]
[Site "?"]
[Date "2021.03.11"]
[Round "?"]
[White "farrookh"]
[Black "KamranShirazi"]
[Result "1-0"]
[WhiteElo "2348"]
[BlackElo "2478"]
[PlyCount "83"]
[EventDate "2021.??.??"]
[EventType "blitz"]

1. e4 e5 2. Nf3 d5 3. Nxe5 Bd6 4. d4 dxe4 5. Nc4 Nc6 6. Nc3 Be7 7. Be3 f5 8. d5
Nb4 9. a3 Na6 10. Ne5 Nc5 11. Qh5+ g6 12. Nxg6 Nf6 13. Qh6 Rg8 14. Ne5 Ncd7 15.
Bb5 c6 16. dxc6 Nxe5 17. c7+ Qd7 18. Bxd7+ Bxd7 19. O-O-O Be6 20. Bd4 Neg4 21.
Qh3 Rc8 22. Bxf6 Nxf6 23. Nb5 Ng4 24. Qh5+ Rg6 25. Qxh7 Bf7 26. Qh8+ Rg8 27.
Qd4 Rg6 28. Qd7+ Kf8 29. Qxc8+ Kg7 30. Qxf5 Rg5 31. Qxg5+ Bxg5+ 32. Kb1 Be6 33.
Rd8 a6 34. Nd4 Bc8 35. Rxc8 Bf4 36. Ne6+ Kf6 37. Nxf4 Nxf2 38. Rf1 Ng4 39. Nd5+
Ke5 40. Rd8 Ne3 41. Nxe3 b5 42. Rf5+ {Normal} 1-0

[Event "Rated Blitz game"]
[Site "?"]
[Date "2021.03.11"]
[Round "?"]
[White "KrystianKuzmicz"]
[Black "ragabove"]
[Result "1-0"]
[WhiteElo "2490"]
[BlackElo "2439"]
[PlyCount "117"]
[EventDate "2021.??.??"]
[EventType "blitz"]

1. e4 e5 2. Nf3 d5 3. d4 exd4 4. exd5 Nf6 5. Qxd4 Qxd5 6. Nc3 Qxd4 7. Nxd4 a6
8. Bf4 c5 9. Nb3 Nc6 10. O-O-O Be6 11. Be2 Be7 12. Bf3 O-O 13. Bxc6 bxc6 14.
Na5 Rfc8 15. Bd6 Kf8 16. Rhe1 Nd5 17. Bxe7+ Kxe7 18. Nxc6+ Rxc6 19. Nxd5+ Kf8
20. Nc3 Rb8 21. Rd2 c4 22. Red1 g6 23. Rd8+ Rxd8 24. Rxd8+ Ke7 25. Rd4 h5 26.
Kd2 h4 27. g3 h3 28. b4 cxb3 29. axb3 Kf6 30. Ne2 Ke5 31. Rd3 Bf5 32. Re3+ Kf6
33. Nd4 Rd6 34. c3 Bg4 35. Re4 Kg5 36. Ke3 f5 37. Re6 Rxe6+ 38. Nxe6+ Kf6 39.
Nc5 Ke5 40. Nxa6 g5 41. f4+ gxf4+ 42. gxf4+ Kd5 43. Nb4+ Kc5 44. Nd3+ Kd5 45.
Ne5 Bd1 46. b4 Ba4 47. c4+ Ke6 48. Kd4 Kf6 49. b5 Bc2 50. c5 Be4 51. c6 Ke6 52.
Kc5 Ke7 53. b6 Kd8 54. b7 Kc7 55. Nd7 Bxc6 56. b8=Q+ Kxd7 57. Qd6+ Ke8 58.
Qxc6+ Kf7 59. Qd6 {Normal} 1-0

[Event "Rated Blitz game"]
[Site "?"]
[Date "2021.03.11"]
[Round "?"]
[White "A1986-ADDOO"]
[Black "blastol"]
[Result "0-1"]
[WhiteElo "2410"]
[BlackElo "2391"]
[PlyCount "62"]
[EventDate "2021.??.??"]
[EventType "blitz"]

1. e4 e5 2. Nf3 d5 3. Bc4 dxc4 4. O-O Bg4 5. h3 Bxf3 6. Qxf3 Nf6 7. d3 Nc6 8.
Be3 cxd3 9. cxd3 Bd6 10. Nc3 O-O 11. Rad1 Bb4 12. Ne2 Nd4 13. Bxd4 exd4 14. e5
Nd7 15. Qg4 Nxe5 16. Qxd4 Qxd4 17. Nxd4 Rad8 18. Nc2 Nxd3 19. Rxd3 Rxd3 20.
Nxb4 Rd2 21. Rc1 c6 22. b3 Rfd8 23. g3 Rd1+ 24. Rxd1 Rxd1+ 25. Kg2 Rd2 26. Kf3
a5 27. Ke3 Rb2 28. Nd3 Rxa2 29. Nc5 b6 30. Nd7 Rb2 31. Nxb6 Rxb3+ {Normal} 0-1

[Event "Rated Blitz game"]
[Site "?"]
[Date "2021.03.11"]
[Round "?"]
[White "Kabeljaukrieger"]
[Black "pasha1984"]
[Result "1-0"]
[WhiteElo "2438"]
[BlackElo "2453"]
[PlyCount "95"]
[EventDate "2021.??.??"]
[EventType "blitz"]

1. e4 e5 2. Nf3 d5 3. d3 dxe4 4. dxe4 Qxd1+ 5. Kxd1 Bg4 6. Be3 Nc6 7. Nbd2
O-O-O 8. Bc4 f5 9. Be6+ Kb8 10. Bxf5 Bxf5 11. exf5 Nge7 12. Bg5 h6 13. Bh4 e4
14. Ne1 Rd5 15. g4 h5 16. c4 Rd7 17. f6 gxf6 18. Bxf6 Rg8 19. g5 Ng6 20. Kc1 h4
21. Nxe4 Nf4 22. Kc2 Nb4+ 23. Kb3 Nfd3 24. a3 Nc6 25. Rd1 Nc5+ 26. Nxc5 Rxd1
27. Ne6 Bd6 28. c5 Bxh2 29. Rxh2 Rxe1 30. Nf4 Rf1 31. Nd3 Rd1 32. Kc2 Rf1 33.
Rxh4 a6 34. b4 Rg1 35. f4 Rg2+ 36. Kc3 Na7 37. a4 b6 38. cxb6 cxb6 39. Be5+ Kb7
40. Rh7+ Ka8 41. a5 bxa5 42. bxa5 Nc6 43. Bd6 Rc8 44. Nc5 Nd8 45. Kd4 Rg3 46.
Rg7 Nc6+ 47. Kd5 Nxa5 48. f5 {Time forfeit} 1-0

[Event "Rated Blitz game"]
[Site "?"]
[Date "2021.03.11"]
[Round "?"]
[White "IDantesI"]
[Black "annaly1979"]
[Result "1-0"]
[WhiteElo "2317"]
[BlackElo "2403"]
[PlyCount "133"]
[EventDate "2021.??.??"]
[EventType "blitz"]

1. e4 e5 2. Nf3 d5 3. Nxe5 Qe7 4. d4 f6 5. Nf3 dxe4 6. Qd2 f5 7. Ng1 Nf6 8. Bc4
Nc6 9. Ne2 Be6 10. Na3 O-O-O 11. c3 Qf7 12. Bxe6+ Qxe6 13. Nf4 Qf7 14. O-O g5
15. Ne2 f4 16. Qc2 h5 17. Qb3 Qd7 18. Rd1 f3 19. Ng3 h4 20. Nf1 Qg4 21. g3 Qh3
22. Ne3 Ng4 23. Qe6+ Kb8 24. Qxg4 Qxg4 25. Nxg4 hxg3 26. hxg3 Rh5 27. Nf6 Rh8
28. Bxg5 Be7 29. Nxe4 Bxg5 30. Nxg5 Rh5 31. Nxf3 Rf8 32. Kg2 Rhf5 33. Rd3 a6
34. Re1 b5 35. Nc2 Kb7 36. Re6 Nd8 37. Re5 R5f7 38. Nce1 Nc6 39. Re6 Nd8 40.
Rh6 Nc6 41. Re3 Na5 42. b3 Nc6 43. Ree6 Nd8 44. Rxa6 c6 45. Ra3 Re7 46. c4 bxc4
47. bxc4 Ne6 48. Rb3+ Kc7 49. d5 Nc5 50. Ra3 cxd5 51. Ra7+ Nb7 52. cxd5 Kb8 53.
Raa6 Rd8 54. d6 Re2 55. Nd3 Rf8 56. Nde5 Rxf3 57. Nxf3 Re4 58. Rb6 Ka7 59. d7
Nd8 60. Rbd6 Kb7 61. Rh8 Kc7 62. Rd4 Re7 63. Rh5 Rxd7 64. Rxd7+ Kxd7 65. Rd5+
Ke7 66. Rxd8 Kxd8 67. Ne5 {Normal} 1-0

[Event "Rated Rapid game"]
[Site "?"]
[Date "2021.03.11"]
[Round "?"]
[White "Sergei1956"]
[Black "giorgi3333"]
[Result "0-1"]
[WhiteElo "2294"]
[BlackElo "2471"]
[PlyCount "28"]
[EventDate "2021.??.??"]
[EventType "rapid"]

1. e4 e5 2. Nf3 d5 3. Nxe5 dxe4 4. Bc4 Nh6 5. Bb3 Qg5 6. d4 Qxg2 7. Rf1 Bh3 8.
Bc4 g6 9. Bxh6 Bxh6 10. Nxf7 Bg4 11. f3 Bxf3 12. Rxf3 exf3 13. Bf1 f2+ 14. Ke2
Qg4+ {Normal} 0-1

[Event "Rated Blitz game"]
[Site "?"]
[Date "2021.03.11"]
[Round "?"]
[White "mrchess2013"]
[Black "annaly1979"]
[Result "1-0"]
[WhiteElo "2448"]
[BlackElo "2414"]
[PlyCount "59"]
[EventDate "2021.??.??"]
[EventType "blitz"]

1. e4 e5 2. Nf3 d5 3. Qe2 dxe4 4. Qxe4 Nc6 5. Bb5 Bd7 6. Nxe5 Nxe5 7. Qxe5+ Be7
8. O-O c6 9. Bc4 Nf6 10. Re1 Kf8 11. Nc3 h6 12. d3 Bb4 13. a3 Qa5 14. Bd2 Qxe5
15. Rxe5 Bd6 16. Re2 Re8 17. Rae1 Rxe2 18. Rxe2 Bg4 19. Re1 g5 20. h3 Bd7 21.
Be3 b6 22. Bd4 Be7 23. Ne4 Nxe4 24. Bxh8 Nd6 25. Bb3 Nf5 26. Be5 f6 27. Bc3 h5
28. Be6 Ke8 29. Bxf5 Bxf5 30. Bxf6 {Normal} 1-0